La vida de los derechos de la niñez / (Registro nro. 5887)

Detalles MARC
000 -LEADER
fixed length control field 00782nam a2200217Ia 4500
003 - CONTROL NUMBER IDENTIFIER
control field OSt
005 - DATE AND TIME OF LATEST TRANSACTION
control field 20210114134417.0
008 - FIXED-LENGTH DATA ELEMENTS--GENERAL INFORMATION
fixed length control field 191128s1997 ck gr 000 0 spa d
040 ## - CATALOGING SOURCE
Original cataloging agency CO-JMCR
Transcribing agency CO-JMCR
041 0# - LANGUAGE CODE
Language code of text/sound track or separate title spa
082 04 - DEWEY DECIMAL CLASSIFICATION NUMBER
Classification number 344.0327 /
Item number I121v
Edition number 23
100 1# - MAIN ENTRY--PERSONAL NAME
Personal name Ibañez Najar, Jorge Enrique,
Relator term compilador
9 (RLIN) 8686
245 13 - TITLE STATEMENT
Title La vida de los derechos de la niñez /
Statement of responsibility, etc. Jorge Enrique Ibañez Najar
260 ## - PUBLICATION, DISTRIBUTION, ETC.
Place of publication, distribution, etc. Bogotá :
Name of publisher, distributor, etc. Ministerio de Justicia y del Derecho,
Date of publication, distribution, etc. 1997
300 ## - PHYSICAL DESCRIPTION
Extent 2 volúmenes ;
Dimensions 24 cm.
505 2# - FORMATTED CONTENTS NOTE
Miscellaneous information v.1
Title Normas
Miscellaneous information v.2
Title Sentencias
650 14 - SUBJECT ADDED ENTRY--TOPICAL TERM
Topical term or geographic name entry element Derechos del niño
General subdivision legislación
Source of heading or term
Geographic subdivision Colombia
9 (RLIN) 8687
650 14 - SUBJECT ADDED ENTRY--TOPICAL TERM
Topical term or geographic name entry element Legislación en trabajo de menores
Geographic subdivision Colombia
9 (RLIN) 8688
650 24 - SUBJECT ADDED ENTRY--TOPICAL TERM
Topical term or geographic name entry element Niños abandonados
General subdivision legislación
Geographic subdivision Colombia.
9 (RLIN) 8689
942 ## - ADDED ENTRY ELEMENTS (KOHA)
Source of classification or shelving scheme Dewey Decimal Classification
Koha item type Books
Existencias
Withdrawn status Lost status Source of classification or shelving scheme Damaged status Not for loan Collection code Home library Current library Date acquired Source of acquisition Full call number Barcode Date last seen Copy number Koha item type Total Checkouts Price effective from
    Dewey Decimal Classification     Non-fiction Biblioteca Pública José María del Castillo y Rada Biblioteca Pública José María del Castillo y Rada 04/15/2018 Donación 344.0327 / I121v 430007228 05/16/2024 V.1 / Ej.1 Books    
    Dewey Decimal Classification     Non-fiction Biblioteca Pública José María del Castillo y Rada Biblioteca Pública José María del Castillo y Rada 04/15/2018 Donación 344.0327 / I121v 430007229 05/16/2024 V.2 / Ej.1 Books   01/14/2021